00377nam a2200157Ia 45000010006000000050017000060080041000230410008000640820018000721000024000902450052001142600009001663000028001756500008002036540008002111852420260306171637.0260306s9999||||xx |||||||||||||| ||und|| aESP a658.4063bA32 aAguilar, AnuoreAUT 0aMutágenus:bel gen mutante de la innovación c2016 a200 páginas :c24 cm. aGEN aCAN